000 00559nam a2200181 i 4500
001 141672
003 ES-MaACL
005 20230906200338.0
007 t|
008 070926s1916 fr ||||1| fre d
100 1 _aVincent, Hyacinthe.
_9115307
245 1 3 _aLa fièvre typhoïde et les fièvres paratyphoides /
_cpar H. Vincent et L. Muratet.
260 _aParis :
_b[s.n.],
_c1916 (
_fLahure)
300 _aII, 278 p. ;
_c19 cm.
650 1 4 _aFiebre tifoidea.
_912776
700 1 _aMuratet, Leon Marie Paul Arnaud.
_984543
852 _aES-MaACL
_jB-11727
999 _c141672
_d141672